{"text_format":"3","workbook":"xlsx","n_sheets":1,"sheets":["Sheet 1"],"read":"whole","date_system":"1900"}

{"sheet":"Sheet 1","index":0,"n_rows":24,"n_cols":21,"rows_kept":24}
["№","Район","Предмет","Направление","Виды практик","Код ОО","Наименование ОО","Фамилия","Имя","Отчество","Дата рождения","Пол","Участник с ОВЗ (да/нет)","Класс обучения","Класс участия","Балл","Максимальный балл","Статус","Призёр муниципального этапа прошлого года","ФИО учителя","Место работы учителя"]
[427860,"Приволжский район","Астрономия","","",590052,"Муниципальное бюджетное общеобразовательное учреждение «Гимназия №52» Приволжского района города Казани","Гасанбекова","Фатима","Умалатовна",39047,"ж","нет",10,10,35,100,"Участник","нет","Гусейнова Эльнара Сулейман кызы","Муниципальное бюджетное общеобразовательное учреждение \"МБОУ Гимназия №52»\" г.Казани Республики Татарстан"]
[427861,"Приволжский район","Астрономия","","",590052,"Муниципальное бюджетное общеобразовательное учреждение «Гимназия №52» Приволжского района города Казани","Шарапова","Алина","Шарапова",38946,"ж","нет",10,10,39,100,"Участник","нет","Гусейнова Эльнара Сулейман кызы","Муниципальное бюджетное общеобразовательное учреждение \"МБОУ Гимназия №52»\" г.Казани Республики Татарстан"]
[427862,"Приволжский район","Астрономия","","",590052,"Муниципальное бюджетное общеобразовательное учреждение «Гимназия №52» Приволжского района города Казани","Фасикова","Аделя","Айратовна",38951,"ж","нет",10,10,29,100,"Участник","нет","Гусейнова Эльнара Сулейман кызы","Муниципальное бюджетное общеобразовательное учреждение \"МБОУ Гимназия №52»\" г.Казани Республики Татарстан"]
[427863,"Приволжский район","Астрономия","","",590052,"Муниципальное бюджетное общеобразовательное учреждение «Гимназия №52» Приволжского района города Казани","Шаяхметова","Диана","Ильдаровна",38865,"ж","нет",10,10,22,100,"Участник","нет","Гусейнова Эльнара Сулейман кызы","Муниципальное бюджетное общеобразовательное учреждение \"МБОУ Гимназия №52»\" г.Казани Республики Татарстан"]
[427864,"Приволжский район","Астрономия","","",590052,"Муниципальное бюджетное общеобразовательное учреждение «Гимназия №52» Приволжского района города Казани","Бобков","Кирилл","Валерьевич",38685,"м","нет",10,10,58,100,"призер","нет","Гусейнова Эльнара Сулейман кызы","Муниципальное бюджетное общеобразовательное учреждение \"МБОУ Гимназия №52»\" г.Казани Республики Татарстан"]
[427865,"Приволжский район","Астрономия","","",590052,"Муниципальное бюджетное общеобразовательное учреждение «Гимназия №52» Приволжского района города Казани","Азмуханова","Лейсян","Рамилевна",39096,"ж","нет",10,10,34,100,"Участник","нет","Сухорученко Любовь Васильевна","Муниципальное бюджетное общеобразовательное учреждение \"МБОУ Гимназия №52»\" г.Казани Республики Татарстан"]
[427866,"Приволжский район","Астрономия","","",590052,"Муниципальное бюджетное общеобразовательное учреждение «Гимназия №52» Приволжского района города Казани","Каюмова","Камилла","Рамилевна",38872,"ж","нет",10,10,18,100,"Участник","нет","Сухорученко Любовь Васильевна","Муниципальное бюджетное общеобразовательное учреждение \"МБОУ Гимназия №52»\" г.Казани Республики Татарстан"]
[427867,"Приволжский район","Астрономия","","",590052,"Муниципальное бюджетное общеобразовательное учреждение «Гимназия №52» Приволжского района города Казани","Байбулатов","Тагир","Ильдарович",38905,"м","нет",10,10,25,100,"Участник","нет","Сухорученко Любовь Васильевна","Муниципальное бюджетное общеобразовательное учреждение \"МБОУ Гимназия №52»\" г.Казани Республики Татарстан"]
[427868,"Приволжский район","Астрономия","","",590052,"Муниципальное бюджетное общеобразовательное учреждение «Гимназия №52» Приволжского района города Казани","Чухутин","Данил","Дмитриевич",38902,"м","нет",10,10,25,100,"Участник","нет","Сухорученко Любовь Васильевна","Муниципальное бюджетное общеобразовательное учреждение \"МБОУ Гимназия №52»\" г.Казани Республики Татарстан"]
[427869,"Приволжский район","Астрономия","","",590052,"Муниципальное бюджетное общеобразовательное учреждение «Гимназия №52» Приволжского района города Казани","Петров","Илья","Дмитриевич",38834,"м","нет",10,10,39,100,"Участник","нет","Сухорученко Любовь Васильевна","Муниципальное бюджетное общеобразовательное учреждение \"МБОУ Гимназия №52»\" г.Казани Республики Татарстан"]
[427870,"Приволжский район","Астрономия","","",590052,"Муниципальное бюджетное общеобразовательное учреждение «Гимназия №52» Приволжского района города Казани","Самаркин","Артур","Валерьвич",38762,"м","нет",10,10,6,100,"Участник","нет","Сухорученко Любовь Васильевна","Муниципальное бюджетное общеобразовательное учреждение \"МБОУ Гимназия №52»\" г.Казани Республики Татарстан"]
[427871,"Приволжский район","Астрономия","","",590052,"Муниципальное бюджетное общеобразовательное учреждение «Гимназия №52» Приволжского района города Казани","Шагиахметова Амира","Амира","Маратовна",39157,"ж","нет",10,10,31,100,"Участник","нет","Сухорученко Любовь Васильевна","Муниципальное бюджетное общеобразовательное учреждение \"МБОУ Гимназия №52»\" г.Казани Республики Татарстан"]
[427872,"Приволжский район","Астрономия","","",590052,"Муниципальное бюджетное общеобразовательное учреждение «Гимназия №52» Приволжского района города Казани","Хасаншина","Регина","Рамилевна",38678,"ж","нет",10,10,36,100,"Участник","нет","Гусейнова Эльнара Сулейман кызы","Муниципальное бюджетное общеобразовательное учреждение \"МБОУ Гимназия №52»\" г.Казани Республики Татарстан"]
[427873,"Приволжский район","Астрономия","","",590052,"Муниципальное бюджетное общеобразовательное учреждение «Гимназия №52» Приволжского района города Казани","Багаутдинова","Самира","Нуршатовна",38814,"ж","нет",10,10,35,100,"Участник","нет","Сухорученко Любовь Васильевна","Муниципальное бюджетное общеобразовательное учреждение \"МБОУ Гимназия №52»\" г.Казани Республики Татарстан"]
[427874,"Приволжский район","Астрономия","","",590052,"Муниципальное бюджетное общеобразовательное учреждение «Гимназия №52» Приволжского района города Казани","Абдракипова","Айгуль","Айдаровна",38716,"ж","нет",10,10,19,100,"Участник","нет","Сухорученко Любовь Васильевна","Муниципальное бюджетное общеобразовательное учреждение \"МБОУ Гимназия №52»\" г.Казани Республики Татарстан"]
[427875,"Приволжский район","Астрономия","","",590052,"Муниципальное бюджетное общеобразовательное учреждение «Гимназия №52» Приволжского района города Казани","Якупова","Камила","Радэлевна",38717,"ж","нет",10,10,29,100,"Участник","нет","Сухорученко Любовь Васильевна","Муниципальное бюджетное общеобразовательное учреждение \"МБОУ Гимназия №52»\" г.Казани Республики Татарстан"]
[427876,"Приволжский район","Астрономия","","",590052,"Муниципальное бюджетное общеобразовательное учреждение «Гимназия №52» Приволжского района города Казани","Давлетова","Карина","Равилевна",39015,"ж","нет",10,10,23,100,"Участник","нет","Сухорученко Любовь Васильевна","Муниципальное бюджетное общеобразовательное учреждение \"МБОУ Гимназия №52»\" г.Казани Республики Татарстан"]
[427877,"Приволжский район","Астрономия","","",590052,"Муниципальное бюджетное общеобразовательное учреждение «Гимназия №52» Приволжского района города Казани","Зайцева","Анна","Алексеевна",39217,"ж","нет",10,10,20,100,"Участник","нет","Сухорученко Любовь Васильевна","Муниципальное бюджетное общеобразовательное учреждение \"МБОУ Гимназия №52»\" г.Казани Республики Татарстан"]
[427878,"Приволжский район","Астрономия","","",590052,"Муниципальное бюджетное общеобразовательное учреждение «Гимназия №52» Приволжского района города Казани","Золотова","Елизавета","Владимировна",38800,"ж","нет",10,10,35,100,"Участник","нет","Сухорученко Любовь Васильевна","Муниципальное бюджетное общеобразовательное учреждение \"МБОУ Гимназия №52»\" г.Казани Республики Татарстан"]
[427879,"Приволжский район","Астрономия","","",590052,"Муниципальное бюджетное общеобразовательное учреждение «Гимназия №52» Приволжского района города Казани","Камбаров","Шахриёрбек","Дилшодбек угли",38862,"м","нет",10,10,29,100,"Участник","нет","Гусейнова Эльнара Сулейман кызы","Муниципальное бюджетное общеобразовательное учреждение \"МБОУ Гимназия №52»\" г.Казани Республики Татарстан"]
[427880,"Приволжский район","Астрономия","","",590052,"Муниципальное бюджетное общеобразовательное учреждение «Гимназия №52» Приволжского района города Казани","Долбунов","Никита","Алексеевич",38934,"м","нет",10,10,54,100,"призер","нет","Сухорученко Любовь Васильевна","Муниципальное бюджетное общеобразовательное учреждение \"МБОУ Гимназия №52»\" г.Казани Республики Татарстан"]
[427881,"Приволжский район","Астрономия","","",590052,"Муниципальное бюджетное общеобразовательное учреждение «Гимназия №52» Приволжского района города Казани","Душаткин","Фёдор","Николаевич",38848,"м","нет",10,10,12,100,"Участник","нет","Гусейнова Эльнара Сулейман кызы","Муниципальное бюджетное общеобразовательное учреждение \"МБОУ Гимназия №52»\" г.Казани Республики Татарстан"]
[427882,"Приволжский район","Астрономия","","",590052,"Муниципальное бюджетное общеобразовательное учреждение «Гимназия №52» Приволжского района города Казани","Гурбанов","Тимур","Тагандурдыевич",38820,"м","нет",10,10,38,100,"Участник","нет","Гусейнова Эльнара Сулейман кызы","Муниципальное бюджетное общеобразовательное учреждение \"МБОУ Гимназия №52»\" г.Казани Республики Татарстан"]